000 01390cam a2200433 4500
003 PE-LiUPU
005 20250731173022.0
008 1998 miu
020 _a0802809499
035 _a(Sirsi) i9780802809490
035 _a(Sirsi) 24311
035 _a(Sirsi) 24311
041 _aes
044 _aus
049 _aPRUA
082 0 4 _a226.6
_bB85H
100 1 _aBruce, Frederick Fyvie,
_eautor.
245 _aHechos de los apostole :
_bintroducción, comentario y notas /
_cFrederick Fyvie Bruce.
264 1 _aGrand Rapids, Michigan :
_bNueva Creación,
_c1998.
300 _a596 páginas ;
_c23 centímetros
505 0 _aTexto, exposición y notas -- Hechos de los apostoles: introducción, comentario y notas.
526 _aSEG42
526 _aSEG41
526 _aSEG40
526 _aSEG39
526 _aP94
526 _aP87
526 _aP86
526 _aP85
526 _aP77
526 _aP76
526 _aP35
630 _aBiblia
_pN.T.
_pHechos
_xComentarios
942 _2ddc
_cBOOK
949 _a226.6 B85H
_i47735
_lCCODEBUL1
_mBUL
_tLIBRO
_o.STAFF. Colección Teología
910 _aaj-op
596 _a1
999 _a226.6 B85H
_wDEWEY
_c24246
_i47735
_d24246
_e2016-9-4
_f2021-11-9
_g6
_lCCODEBUL1
_mBUL
_n3
_p20.00
_r0
_sY
_tBOOK
_u2015-6-24
_xTEOLOGIA
_PP35
_0COMPRA
_o.STAFF. Colección Teología
980 _81
_gALBERTO SANCHEZ Responsable de Automatización